00501nam a22001577a 450000500170000001000170001702000260003403500170006008200100007710000200008724500550010726000580016227000750022030000280029550000200032320181218110844.0 aB-274258-278 a9788189866341c225.00 aB-274258-278 a621.3 aSrinivas, K.N.  aBasics electrical engineering /cby K.N. Srinivas  aNew DelhibI.K. International Publishing House c2007 aS-25, Green Park Extension, Uphaar Cinema Market, bNew Delhi e110016 axii, 364p. c24cm (pbk) aIncluses index